000 00718nam a2200193 4500
001 136042
003 ES-MaACL
005 20250717081030.0
007 t|
008 070214s1941 sp r ||||1| spa d
100 1 _aRuiz Marín, Alfonso.
_9100863
245 1 0 _aEstudio del valor amilolítico del lactante en relación con su alimentación
_b: tesis doctoral /
_cpor José Alfonso Ruiz Marín.
260 _aMadrid :
_b[s. n.],
_c1941 (
_fGráf. Unión)
300 _a30 p. ;
_c22 cm.
500 _aTesis de la Universidad Central (Madrid), Facultad de Medicina, 1941.
710 2 _aUniversidad Central (Madrid).
_bFacultad de Medicina
_97093
852 _aES-MaACL
_j1832-F-4
_bR.19241
999 _c136042
_d136042